Public or nonprofit?: (Record no. 506878)

000 -LEADER
fixed length control field 01492nam a2200181Ia 4500
008 - FIXED-LENGTH DATA ELEMENTS--GENERAL INFORMATION
fixed length control field 181130s2018 xx 000 0 und d
100 ## - MAIN ENTRY--PERSONAL NAME
Personal name Ballart, Xavier
245 ## - TITLE STATEMENT
Title Public or nonprofit?:
Remainder of title career preferences and dimensions of public service motivation
260 ## - PUBLICATION, DISTRIBUTION, ETC.
Date of publication, distribution, etc. 2018
300 ## - PHYSICAL DESCRIPTION
Extent p.404-420.
520 ## - SUMMARY, ETC.
Summary, etc. While the foundational claim that PSM attracts individuals to the public sector is well established in the research literature, much uncertainty still exists about its influence on the choice between the public versus the nonprofit sector, which also frequently exhibits a strong public service mission. Little is known also about how discrete dimensions of PSM differ in their effects on such job preferences. This article addresses these shortcomings by drawing on a study that combines the measurement of separate dimensions of PSM with a policy?capturing design that allows disentangling the effects of sector from those of other job attributes that usually correlate with it: the service orientation of the job and job security. Results show that dimensions of PSM display relevant differences in their effects on preferences across job attributes. These findings have important implications for the choice of PSM measurements in scholarly research and job selection. - Reproduced.
650 ## - SUBJECT ADDED ENTRY--TOPICAL TERM
Topical term or geographic name entry element Civil service
650 ## - SUBJECT ADDED ENTRY--TOPICAL TERM
Topical term or geographic name entry element Motivation
650 ## - SUBJECT ADDED ENTRY--TOPICAL TERM
Topical term or geographic name entry element Public service motivation
700 ## - ADDED ENTRY--PERSONAL NAME
Personal name Rico, Guillem
773 ## - HOST ITEM ENTRY
Main entry heading Public Administration
906 ## - LOCAL DATA ELEMENT F, LDF (RLIN)
a Civil service
Holdings
Withdrawn status Lost status Damaged status Not for loan Permanent Location Current Location Date acquired Serial Enumeration / chronology Barcode Date last seen Price effective from Koha item type
        Indian Institute of Public Administration Indian Institute of Public Administration 2018-12-07 96(2), , 2018: p.404-420. AR118673 2018-12-07 2018-12-07 Articles

Powered by Koha